Vestiti, abbigliamento e accessori (con foto) - Statistics

Statistiche generali
  • Questo quiz è stato fatto 51 volte
  • Il punteggio medio è 44 su 106
Statistiche sulle risposte
con Immagini Risposta % Corretto
camicia
98%
felpa
95%
maglietta
95%
maglione
95%
jeans
93%
pantaloni
93%
abito da sposa
72%
abito
70%
cintura
65%
cravatta
65%
borsa
63%
bracciale
63%
collana
63%
guanti
63%
occhiali da sole
63%
pigiama
63%
anello
60%
gonna
60%
orologio
60%
reggiseno
60%
sciarpa
60%
zaino
60%
ombrello
58%
portafoglio
58%
stivali
58%
valigia
58%
canottiera
56%
ciabatte
56%
cuffia
56%
orecchini
56%
sandali
56%
accappatoio
53%
calze
53%
cappuccio
53%
casco
53%
cerchietto
53%
mascherina
53%
papillon
53%
costume da uomo
51%
ginocchiere
51%
grembiule
51%
infradito
51%
marsupio
51%
muta
51%
pantaloncini
51%
bavaglino
49%
calzini
49%
collare
49%
mutande
49%
berretto
47%
cappello
47%
cappotto
47%
foulard
47%
guantone
44%
mocassini
44%
pareo
44%
salopette
44%
giubbotto
42%
maglia
42%
portaocchiali
42%
impermeabile
40%
braccialetto
37%
costume da bagno
37%
giubbotto antiproiettile
37%
maglia termica
37%
collant
35%
completo
35%
giubbotto salvagente
35%
scarpone
35%
fermaglio
33%
scarpe da calcio
33%
turbante
33%
divisa militare
26%
giacca
26%
piumino
26%
tuta sportiva
26%
elastico per capelli
23%
ventiquattrore
23%
zoccoli
23%
divisa scolastica
21%
panciotto
21%
décolleté
19%
tuta spaziale
19%
gilet
16%
giubbotto di pelle
16%
abito da uomo
14%
camicetta
14%
mantella
14%
polsino
14%
portachiavi
14%
scarpe antinfortunistiche
14%
vestito da sera
14%
calzamaglia
12%
tuta sci
12%
cotta di maglia
9%
intimo
7%
borsa a tracollo
5%
guanti monouso
5%
maglia dolcevita
5%
molletta per capelli
5%
scarpe da gimnastica
5%
scarpe di vernice
5%
berretto da baseball
2%
copricapo
2%
divisa ospedaliera
2%
fascia da polso
2%
Nessun quiz corrispondente trovato
Distribuzione punteggi
Percentuale di utenti per punteggio
Percentile per numero di risposta
I tuoi punteggi nel tempo
Non hai fatto questo quiz